000 00399nmm a2200145Ia 4500
008 251105s9999||||xx |||||||||||||||||und||
041 _aspa
100 _aLondon, Jack
245 0 _aAntes de Adán
264 _a[Madrid, España] :
_bEdiciones B,
_c2017
300 _a143 páginas
650 _aNorth American narrative
856 _uhttps://public.digitaliapublishing.com/a/54570
942 _cCF
999 _c106394
_d106394